Curso de derecho romano

Spremljeno u:
Bibliografski detalji
Glavni autor: Camus, E. F (Autor)
Format: Knjiga
Jezik:španjolski
Izdano: La Habana Universidad de la Habana 1941
Izdanje:2a. ed
Teme:
Oznake: Dodaj oznaku
Bez oznaka, Budi prvi tko označuje ovaj zapis!

MARC

LEADER 00000nam a2200000 a 4500
001 UCS2202
003 CL-VaPUC
008 970523e19410000CU |||||||||||||||||spa|d
082 0 4 |a 340.54  |b CAM  |2 21 
100 0 |a Camus, E. F  |e author  |9 387330 
245 1 0 |a Curso de derecho romano 
250 |a 2a. ed 
300 |a 6 v 
942 |c BK 
945 |d 19970523 00:00:00  |a paguirre 
260 |a La Habana  |b Universidad de la Habana  |c 1941 
500 |a v.1: Historia y fuentes del derecho romano 
500 |a v.2: Personas y derecho de familia 
500 |a v.3: Cosas y derechos reales 
500 |a v.5: Derecho de obligaciones 
500 |a v.6: Doctrina del negocio jurídico 
650 0 |a Derecho romano  |9 255930 
650 0 |a Historia del derecho  |9 255109 
650 0 |a Fuentes del derecho   |9 255162 
650 7 |a PERSONA  |2 CL-VaPUC  |9 327934 
650 0 |a Derecho de familia  |9 255603 
650 0 |a Familias   |9 255641 
650 7 |a MATRIMONIO  |2 CL-VaPUC  |9 387331 
650 0 |a Filiación  |9 256647 
650 0 |a Bienes  |9 255749 
650 0 |a Derechos reales  |9 257708 
650 0 |a Obligaciones   |9 255578 
650 0 |a Negocio jurídico  |9 258242 
651 0 |a Roma   |9 255106 
583 |a last modification  |c 19970523 00:00:00  |k Rodrigo Vera 
999 |c 260180  |d 260178 
952 |0 0  |1 0  |4 0  |6 340_540000000000000_CAM_1941  |7 0  |8 DER_ROM  |9 286061  |a BIBDER  |b BIBDER  |d 2019-11-19  |h v.1  |i 1859447  |l 1  |o 340.54 CAM 1941  |p 1859447  |r 2023-01-25  |s 2020-03-19  |w 2019-11-19  |x Ubicación 4to piso  |y BK  |z Este recurso debe solicitarse con anticipación  |k DER 
952 |0 0  |1 0  |4 0  |6 340_540000000000000_CAM_1941  |7 0  |8 DER_ROM  |9 286062  |a BIBDER  |b BIBDER  |d 2019-11-19  |h v.2  |i 1859455  |l 1  |o 340.54 CAM 1941  |p 1859455  |r 2023-01-25  |s 2020-03-19  |w 2019-11-19  |x Ubicación 4to piso  |y BK  |z Este recurso debe solicitarse con anticipación  |k DER 
952 |0 0  |1 0  |4 0  |6 340_540000000000000_CAM_1941  |7 0  |8 DER_ROM  |9 286063  |a BIBDER  |b BIBDER  |d 2019-11-19  |h v.3  |i 1859463  |l 1  |o 340.54 CAM 1941  |p 1859463  |r 2023-01-25  |s 2020-03-19  |w 2019-11-19  |x Ubicación 4to piso  |y BK  |z Este recurso debe solicitarse con anticipación  |k DER 
952 |0 0  |1 0  |4 0  |6 340_540000000000000_CAM_1941  |7 0  |8 A  |9 286064  |a BIBDER  |b BIBDER  |d 2019-11-19  |h v.5  |i 1859471  |l 2  |m 2  |o 340.54 CAM 1941  |p 1859471  |q 2025-12-31  |r 2021-10-16  |s 2021-10-16  |w 2019-11-19  |y BK  |k DER 
952 |0 0  |1 0  |4 0  |6 340_540000000000000_CAM_1941  |7 0  |8 DER_ROM  |9 286065  |a BIBDER  |b BIBDER  |d 2019-11-19  |h v.6  |i 185948K  |l 1  |o 340.54 CAM 1941  |p 185948K  |r 2023-01-25  |s 2020-03-19  |w 2019-11-19  |x Ubicación 4to piso  |y BK  |z Este recurso debe solicitarse con anticipación  |k DER